000 01060nab a22002417a 4500
999 _c5474
_d5474
003 OSt
005 20251123222923.0
008 190603e xxum|||| |||| 00| 0 spa d
040 _cPJ
100 _95576
_aBarbón Lacambra, José Antonio
245 1 0 _aOtra mirada al contrato de seguro /
_cJosé Antonio Barbón Lacambra.
260 _cCiudad Autónoma de Buenos Aires :
_aThomson Reuters La Ley,
_b2025.
300 _ap. 317-333
500 _aCita Online: TR LALEY AR/DOC/24/2025
505 _aSumario: I. Introducción.— II. El contrato de seguro.— III. Elementos del contrato de seguro.— IV. Derechos, obligaciones y cargas de las partes.
505 _t¿Te interesa el texto completo? Solicitalo al correo: koha@justierradelfuego.gov.ar
650 0 _91497
_aCODIGO CIVIL Y COMERCIAL
650 0 _93463
_aCONTRATOS
650 0 _91921
_aSEGUROS
650 0 _93571
_aPÓLIZA
773 0 _02713
_93170
_dCiudad Autónoma de Buenos Aires : Thomson Reuters La Ley, 2015-
_tRevista Código Civil y Comercial. Nº 2 - Abril 2025
942 _2udc
_cANA